000 00787nam a2200229Ia 4500
003 GCL
008 140319s9999 xx 000 0 ara d
040 _aGCL /
_cGCL
082 0 4 _a301.24
_bم س
100 1 _aمحمد صبحى عبدالحكيم
245 1 0 _aالتحضر فى الوطن العربى /
_cمحمد صبحى عبدالحكيم
700 1 _aاسحق القطب
260 _a[S.N] :
_bالمنظمة الاسلامية للتربية والعلوم والثقافة ،
_c1978
300 _a829 ص
490 _a
650 0 4 _aالاحوال الاجتماعية
650 0 4 _aالوطن العربى
650 0 4 _aالتغير الاجتماعى
650 0 4 _aالتطور الاجتماعى
650 0 4 _aالتقدم الاجتماعى
942 _2ddc
_cBK
999 _c34291
_d34291